000 00349nam a22001457a 4500
008 250417b ||||| |||| 00| 0 eng d
020 _a9789951055666
041 _aSHQIP
080 _22022
_a82SIE
082 _282SIE
_a82SIE
100 _a01
101 _aGJUHE DHE LETERSI
245 _aVEZHGIMI I MENDJES
_cDANIEL .J.SIEGEL
942 _2udc
_cBK
999 _c60657
_d60657